|
|
|
|
| LEADER |
03370nam a22003853i 4500 |
| 001 |
EBC6955733 |
| 003 |
MiAaPQ |
| 005 |
20231204023222.0 |
| 006 |
m o d | |
| 007 |
cr cnu|||||||| |
| 008 |
231204s2015 xx o ||||0 ger d |
| 020 |
|
|
|a 9783839407448
|q (electronic bk.)
|
| 020 |
|
|
|z 9783899427448
|
| 035 |
|
|
|a (MiAaPQ)EBC6955733
|
| 035 |
|
|
|a (Au-PeEL)EBL6955733
|
| 035 |
|
|
|a (OCoLC)1049912030
|
| 040 |
|
|
|a MiAaPQ
|b eng
|e rda
|e pn
|c MiAaPQ
|d MiAaPQ
|
| 100 |
1 |
|
|a Karsch, Margret.
|
| 245 |
1 |
0 |
|a »das Dennoch jedes Buchstabens« :
|b Hilde Domins Gedichte im Diskurs um Lyrik nach Auschwitz.
|
| 250 |
|
|
|a 1st ed.
|
| 264 |
|
1 |
|a Bielefeld :
|b transcript,
|c 2015.
|
| 264 |
|
4 |
|c {copy}2015.
|
| 300 |
|
|
|a 1 online resource (389 pages)
|
| 336 |
|
|
|a text
|b txt
|2 rdacontent
|
| 337 |
|
|
|a computer
|b c
|2 rdamedia
|
| 338 |
|
|
|a online resource
|b cr
|2 rdacarrier
|
| 490 |
1 |
|
|a Lettre
|
| 505 |
0 |
|
|a Cover »das Dennoch jedes Buchstabens« -- INHALT -- 1 Ein verdeckter Nexus -- 2 Die Sagbarkeit des Unsagbaren -- 2.1 Das ästhetisch-moralische Dilemma: Schöner, Lyrik -- 2.2 Sprachimmanente und intersubjektive Grenzen der Verständigung -- 2.2.1 Polysemie und Autonomie: Worte, Die Botschafter -- 2.2.2 Distanzierung und Ausgrenzung von Erfahrung: Losgelöst, Immer kreisen -- 2.2.3 Eine andere Sprache: Linguistik, Wort und Ding -- 2.3 Autonomie und Engagement -- 2.3.1 Lyrik als „Atempause": Ars longa, Nicht müde werden -- 2.3.2 Lyrik als Handlungsraum: Ich will dich, Drei Arten Gedichte aufzuschreiben -- 2.4 Zwischenfazit -- 3 Leid -- 3.1 Physische und psychische Verletzungen: Wen es trifft, Schale im Ofen -- 3.2 Religiöse Komponenten: Bitte, Gegenwart -- 3.3 Singularität und conditio humana: Bau mir ein Haus, Das ist es nicht -- 3.4 Stumme Klage und Isolation: Haus ohne Fenster, „Vogel Klage" -- 3.5 Umkehrung der Schuldfrage: Anstandsregeln für allerwärts, Gegengewicht -- 3.6 Zwischenfazit -- 4 Trost und Heimat -- 4.1 Solidarität und Liebe: Apfelbaum und Olive, Gleichgewicht -- 4.2 Tod als Erlösung: Ziehende Landschaft, Auf Wolkenbürgschaft -- 4.3 Die poetische Sprache: Fürchte dich nicht, Nur eine Rose als Stütze -- 4.4 Traumbilder als Zufluchtsorte: Inselmittag, Rückkehr -- 4.5 Zwischenfazit -- 5 Zeugnis und Erinnerung -- 5.1 Gegen das Vergessen: Gefährlicher Löffel -- 5.2 Die Brüchigkeit der Erfahrung: Es kommen keine nach uns -- 5.3 Das Scheitern der Zeugen: Nur Zeugen, Von uns -- 5.4 Die Gegenwart der Geschichte: Aktuelles -- 5.5 Die Macht der Erinnerung: Graue Zeiten -- 5.6 Zwischenfazit -- 6 Schlussbetrachtung und Ausblick -- Index der zitierten Gedichte -- Siglenverzeichnis -- Literaturverzeichnis -- Primärliteratur von Hilde Domin -- Weitere Primärliteratur -- Sekundärliteratur -- Dank.
|
| 588 |
|
|
|a Description based on publisher supplied metadata and other sources.
|
| 590 |
|
|
|a Electronic reproduction. Ann Arbor, Michigan : ProQuest Ebook Central, 2023. Available via World Wide Web. Access may be limited to ProQuest Ebook Central affiliated libraries.
|
| 655 |
|
4 |
|a Electronic books.
|
| 776 |
0 |
8 |
|i Print version:
|a Karsch, Margret
|t »das Dennoch jedes Buchstabens«
|d Bielefeld : transcript,c2015
|z 9783899427448
|
| 797 |
2 |
|
|a ProQuest (Firm)
|
| 830 |
|
0 |
|a Lettre
|
| 856 |
4 |
0 |
|u https://ebookcentral.proquest.com/lib/matrademy/detail.action?docID=6955733
|z Click to View
|